000 00572nam a2200169 i 4500
001 57573
003 ES-MaACL
005 20230906163614.0
007 t|
008 031016s1977 sp ||||1| spa d
100 1 _aDomínguez Caparrós, José.
_945197
245 1 0 _aIntroducción al comentario de textos /
_cJosé Domínguez Caparrós.
260 _aMadrid :
_bInstituto Nacional de Ciencias de la Educación,
_c1977.
300 _a151 p. ;
_c18 cm.
710 2 _aInstituto Nacional de Ciencias de la Educación (España)
_9134529
852 _aES-MaACL
_jA-8570
_bR.97047
999 _c57573
_d57573